000 01345nas1a22002531i 4500
001 RU\NLR\BIBL_A\011485538
005 20240921171305.0
035 _a(NLR Aleph) 011485538
090 _a11917970
_c11917970
100 _a20170929a20099999|||y0rusy50 ca
101 0 _arus
102 _aRU
110 _aauuzz 0|y|
200 1 _aКафедра
_eальманах
210 _aСанкт-Петербург
_cИздание религиозной организации "Христианское общество "Библия для всех" Российского союза евангельских христиан-баптистов"
_cНаука, Санкт-Петербургский филиал
_d2017 -
606 1 _aБогословие протестантское
_jПериодические издания
_91095659
_3RU\NLR\AUTH\66111227
686 2 _aЭ376-4я5
852 _aNLR
_jП37/334
942 _cJOURNAL
980 _aRUSPER